|
|
|
|
| LEADER |
01276nam a2200253 a 4500 |
| 001 |
29199 |
| 003 |
BD-DhAAL |
| 008 |
150511t20101998bg 000 1 ben d |
| 999 |
|
|
|c 34379
|d 34379
|
| 040 |
|
|
|a BD-DhAAL
|c BD-DhAAL
|
| 041 |
0 |
|
|a ben
|
| 082 |
0 |
0 |
|a 891.44371
|2 22
|
| 100 |
1 |
|
|a বন্দ্যোপাধ্যায়, মানিক
|9 10927
|
| 245 |
1 |
0 |
|a পদ্মানদীর মাঝি /
|c মানিক বন্দ্যোপাধ্যায়; মুহম্মদ জালালউদ্দীন বিশ্বাস সম্পাদিত
|
| 260 |
|
|
|a ঢাকা :
|b কামরুল এন্টারপ্রাইজ,
|c ২০১০
|
| 300 |
|
|
|a ১৭৬ পৃ. ;
|c ২০ সে.মি.
|
| 500 |
|
|
|a Novel
|
| 541 |
1 |
|
|e 29199
|
| 610 |
|
0 |
|a Bandyopadhyay, Manik, 1908-1956
|9 10928
|
| 650 |
|
0 |
|a Bangladesh
|x Fiction
|9 8822
|
| 700 |
1 |
|
|a মুহম্মদ জালালউদ্দীন বিশ্বাস
|9 10929
|
| 852 |
1 |
|
|a Ayesha Abed Library
|j General shelf
|
| 942 |
|
|
|2 ddc
|c BK
|
| 952 |
|
|
|0 0
|1 0
|2 ddc
|4 0
|6 891_443710000000000_BAN
|7 0
|9 53678
|a BRACUL
|b BRACUL
|c GEN
|d 2015-05-11
|e BRAC Institute of Language (BIL)
|l 6
|m 16
|o 891.44371 BAN
|p 3010029199
|r 2026-03-08
|s 2026-02-26
|t 1
|w 2015-05-11
|y BK
|x Transferred from BIL to BRACUL on 06/06/22
|